<?xml version="1.0" encoding="UTF-8"?>
<marc:record xmlns:marc="http://www.loc.gov/MARC21/slim">
   <marc:leader>00000nam a2200000 a 4500</marc:leader>
   <marc:datafield ind1="1" ind2=" " tag="100">
      <marc:subfield code="a">Schatz, Gottfried</marc:subfield>
      <marc:subfield code="4">ctb</marc:subfield>
      <marc:subfield code="e">Mitwirkende/-r</marc:subfield>
   </marc:datafield>
   <marc:datafield ind1="1" ind2=" " tag="100">
      <marc:subfield code="a">Grandits, Ernst A.</marc:subfield>
      <marc:subfield code="4">ctb</marc:subfield>
      <marc:subfield code="e">Mitwirkende/-r</marc:subfield>
   </marc:datafield>
   <marc:datafield ind1=" " ind2=" " tag="653">
      <marc:subfield code="a">Biologie</marc:subfield>
   </marc:datafield>
   <marc:datafield ind1=" " ind2=" " tag="653">
      <marc:subfield code="a">Weltbild</marc:subfield>
   </marc:datafield>
   <marc:datafield ind1=" " ind2=" " tag="653">
      <marc:subfield code="a">Kassette / Sachbücher/Natur</marc:subfield>
   </marc:datafield>
   <marc:datafield ind1=" " ind2=" " tag="653">
      <marc:subfield code="a">Technik/Naturwissenschaft</marc:subfield>
   </marc:datafield>
   <marc:datafield ind1=" " ind2=" " tag="653">
      <marc:subfield code="a">CD</marc:subfield>
   </marc:datafield>
   <marc:datafield ind1="0" ind2="0" tag="245">
      <marc:subfield code="a">Jenseits der Gene</marc:subfield>
   </marc:datafield>
   <marc:datafield ind1="0" ind2="0" tag="245">
      <marc:subfield code="b">Essays über unsere Wesen, unsere Welt und unsere Träume</marc:subfield>
   </marc:datafield>
   <marc:datafield ind1="0" ind2="0" tag="245">
      <marc:subfield code="c">Gottfried Schatz. Gelesen von Ernst A. Grandits</marc:subfield>
   </marc:datafield>
   <marc:datafield ind1=" " ind2="1" tag="264">
      <marc:subfield code="a">Zürich</marc:subfield>
      <marc:subfield code="b">Kein-&amp;-Aber-Records</marc:subfield>
   </marc:datafield>
   <marc:datafield ind1="1" ind2=" " tag="490">
      <marc:subfield code="a">Phono sapiens - wissen durch zuhören</marc:subfield>
   </marc:datafield>
   <marc:datafield ind1="1" ind2=" " tag="520">
      <marc:subfield code="a">Angaben aus der Verlagsmeldung

Jenseits der Gene / von Gottfried Schatz

Verblüffende Tatsachen und unterhaltsame Anekdoten aus der Welt der modernen Naturwissenschaften.

Wer bin ich? Woher kommen wir Menschen? Wie nehmen wir die Welt wahr? Was bestimmt unser Fühlen und Denken? Die Grundfragen des Lebensbeschäftigen den Menschen seit langem. Doch allzu oft lassen die Naturwissenschaften – die großen Antwortgeber unserer Zeit – den Laien mit seinen drängenden Fragen allein: zu spezifisch, zu kompliziert sind ihre Ergebnisse.
Dass dies nicht zwingend so sein muss, zeigt der Biochemiker Gottfried Schatz, indem er uns die Geschichte des Lebens und unseres Körpers erzählt, die spannend ist wie keine zweite. Mit der Begeisterung des Wissenschaftlers, der seine Neugier zum Beruf gemacht hat, zeigt Schatz unter anderem, dass der Schlüssel zum Verständnis lebender Wesen in ihrem chemischen Aufbau verborgen liegt.
</marc:subfield>
   </marc:datafield>
   <marc:datafield ind1=" " ind2=" " tag="020">
      <marc:subfield code="a">9783036912462</marc:subfield>
      <marc:subfield code="9">9783036912462</marc:subfield>
   </marc:datafield>
   <marc:datafield ind1=" " ind2=" " tag="041">
      <marc:subfield code="a">ger</marc:subfield>
   </marc:datafield>
   <marc:datafield ind1=" " ind2=" " tag="300">
      <marc:subfield code="a">2 CDs (1 Std. 49 Min.)</marc:subfield>
   </marc:datafield>
</marc:record>
